K problematice ideální pevnosti

Podrobná bibliografia
Hlavní autori: Pokluda, Jaroslav, 1949- (Autor), Šandera, Pavel, 1954- (Autor)
Médium: Článok
Jazyk:slovenčina
čeština
Fyzický popis:Tb. 3. Grafy 3. Res. rus., angl., lit. 11 zázn. v češ., ruš., angl.
Predmet:

MARC

LEADER 00000nab a2200000 a 4500
001 vtls000355207
003 SK-MaSNL
005 20260305000208.0
008 250424c1989 xo 0 slo
015 |a SNBRB19rr/mm-uuuuu 
035 |a CL0355329 
035 |a urn:nbn:sk:snk-abbjgn 
035 |a (urnnbn)urn:nbn:sk:snk:ar-001iet 
035 |a (uuid)408e3ebd-450d-4b58-96ae-1c43aeeb707c 
040 |a SNKBUCL  |b slo  |c SNKBUCL  |e AACR2 
041 0 |a cze 
044 |a xo  |c SK 
080 |a 669.017:539.4.01  |2 1981 
080 |a 539.4.01  |2 1981 
100 1 |a Pokluda, Jaroslav,  |d 1949-  |4 aut  |9 264700 
245 1 0 |a K problematice ideální pevnosti  |c Jaroslav Pokluda, Pavel Šandera 
300 |b Tb. 3. Grafy 3. Res. rus., angl., lit. 11 zázn. v češ., ruš., angl. 
650 0 7 |a tuhé látky  |2 snkbucl  |9 3539 
655 7 |a články z novín a časopisov  |2 snkbucl  |9 267496 
700 1 |a Šandera, Pavel,  |d 1954-  |4 aut  |9 182198 
773 0 |t Kovové materiály  |g Roč. 27, č. 2 (1989), s. 197-208 
850 |a Slovenská národná knižnica 
852 |a Slovenská národná knižnica 
954 |a odborná, vedecká literatúra cudzojazyčná (svetová)  |2 lita 
958 |a article15 
958 |a OND 
958 |a NB 
958 |a RK 
958 |a CZ 
958 |a EUIPO 
992 |a RBX 
999 |c 3212539  |d 3214469